| 000 | 00451nam a2200181Ia 4500 | ||
|---|---|---|---|
| 001 | 1798 | ||
| 005 | 20260306143755.0 | ||
| 008 | 260306t2008||||xx |||||||||||||| ||spa|| | ||
| 041 | _aESP | ||
| 082 |
_a155.4 _bS712 |
||
| 100 |
_aSadurní í Brugué, Marta (Coord.) _eAUT |
||
| 245 | 0 | _aEl desarrollo de los niños, paso a paso | |
| 260 | _c2008 | ||
| 300 |
_a290 páginas : _c24 cm. |
||
| 650 | _aGEN | ||
| 654 | _aCPS | ||
| 942 |
_cLIB _dJUS _fJUS _2ddc _n |
||
| 999 |
_c1798 _d1798 |
||